000 00442nam a2200121Ia 4500
008 171212s9999 xx 000 0 und d
020 _a9781922064677
100 _aAnderson, Kym;Aryal, Nanda R.
245 _cAnderson, Kym;Aryal, Nanda R.
_aWhich Winegrape Varieties are Grown Where?
_ba global empirical picture
260 _bUniversity of Adelaide Press
_c2013
650 _aBusiness
856 _uhttp://jstor.org/stable/10.20851/j.ctt1t304tz
999 _c352957
_d352957